| 000 | 00851nam a2200253 a 4500 | ||
|---|---|---|---|
| 001 | BRL_571 | ||
| 005 | 20190320210815.0 | ||
| 008 | 030913s1973----mx-a######---#000-0#spa-# | ||
| 041 | _aspa | ||
| 044 | _amx | ||
| 050 | 4 |
_aF1301 _b.P5 1973 |
|
| 100 | 1 |
_aPiña Chan, Román _9819 |
|
| 245 | 1 | 0 |
_aPrimera carta arqueológica del Estado de México _cRomán Piña Chan y Rosa Margarita Brambila. |
| 260 |
_aMéxico _bGobierno del Estado de México, Dirección de Turismo _c[1973] |
||
| 300 |
_a101 p. _bil., mapas _c23 cm. |
||
| 500 | _aAu616 | ||
| 500 | _aPrimera seleciión bibliográfica: p. 85-101 | ||
| 650 | 1 | 4 |
_aIndígenas de México _xAntigüedades _9509 |
| 651 | 4 |
_aEstado de México _xAntigüedades _924324 |
|
| 651 | 4 |
_aEstado de México _xArqueología _924325 |
|
| 700 | 1 |
_aMargarita Brambila, Rosa _924326 |
|
| 902 | _aGRL | ||
| 942 |
_2lcc _cB |
||
| 999 |
_c9383 _d9383 |
||